[Event "Besancon op"]
[Site "Besancon"]
[Date "2004.12.27"]
[Round "1"]
[White "Poirot, Eric"]
[Black "Fartaoui, Michael"]
[Result "1-0"]
[WhiteElo "1830"]
[BlackElo "1450"]
[PlyCount "87"]
[EventDate "2004.12.27"]
[EventType "swiss"]
[EventRounds "7"]
[EventCountry "FRA"]
[SourceTitle "EXT 2006"]
[Source "ChessBase"]
[SourceDate "2005.11.24"]
[SourceVersion "1"]
[SourceVersionDate "2005.11.24"]
[SourceQuality "1"]

1. d4 d5 2. c4 e6 3. Nc3 Nf6 4. Bg5 Bb4 5. e3 Nc6 6. Nf3 0-0 7. Bd3 Re8 8. Qc2 h6 9. Bh4 Qd6 10. Bxf6 gxf6 11. 0-0 Bxc3 12. bxc3 dxc4 13. Bxc4 e5 14. dxe5 Nxe5 15. Nxe5 Qxe5 16. Rfd1 Bf5 17. Bd3 Bxd3 18. Rxd3 Qe4 19. Rad1 Kh8 20. Qb3 Rg8 21. g3 Rg7 22. Rd7 Rag8 23. Qd5 Qg6 24. Qxb7 h5 25. Qxc7 h4 26. Rd8 h3 27. Rxg8+ Rxg8 28. Qf4 Kg7 29. e4 Re8 30. f3 f5 31. Rd6 Re6 32. Rxe6 Qxe6 33. Qd2 Qb6+ 34. Qd4+ Qxd4+ 35. cxd4 fxe4 36. fxe4 Kf6 37. Kf2 Ke6 38. Ke3 f6 39. Kf4 a5 40. e5 f5 41. g4 fxg4 42. Kxg4 a4 43. Kxh3 Kd5 44. Kg4 1-0